00580nam a2200193Ia 4500003000900000008004100009020001800050040001600068080001700084100002200101245012300123250001200246260003100258300001500289650002500304650001600329650001900345650002200364IN-BaIIA211028s9999 xx 000 0 eng d a0-7503-0058-2 cIIA Library a621.391bWIL aWilmshurst, T. H. 0aSignal recovery from noise in electronic instrumentationcT. H. Wilmshurst  a2nd ed. aBristolbAdam Hilgerc1990 axii, 233p. aElectronic equipment aInstruments aNASA thesaurus aSignal processing